00617nam a22002057a 450000500170000001000130001702000260003003500130005603700160006904000120008508200170009710000210011424500560013526000480019127000470023930000250028650000500031165000370036165000130039820170124110212.0 aB-159302 c700.00a9788176296670 aB-159302 bCen Lib/Ret aDPLbEN a336.205bDHI aDhingra, Navjot  aTax reforms and administration /cby Navjot Dhingra aNew Delhi bDeep & Deep Publications c2005 bNew Delhi aF-159, rajouri garden e110027 axvi, 328p.c19cm(Hb) aInclude bibliographical references and index  aTax administration and procedure aTaxation